<?xml version="1.0" encoding="UTF-8"?>
<resp>
  <nextPage>https://data.bn.org.pl/api/networks/bibs.marcxml?marc=001+b00001150003969&amp;sinceId=1150003970</nextPage>
  <collection>
    <record xmlns='http://www.loc.gov/MARC21/slim'><leader>00961namZa2200301ZiZ4500</leader><controlfield tag='001'>b00001150003969</controlfield><controlfield tag='005'>20260402111628.2</controlfield><controlfield tag='008'>230609s        pl           |000 0 pol c</controlfield><controlfield tag='009'>9913261537705606</controlfield><datafield ind1=' ' ind2=' ' tag='020'><subfield code='a'>9788323732419</subfield></datafield><datafield ind1=' ' ind2=' ' tag='035'><subfield code='a'>KR_1KR_1_20120317231700078995-48omnis_kr</subfield></datafield><datafield ind1=' ' ind2=' ' tag='035'><subfield code='a'>KR_1_20120317231700078995</subfield><subfield code='9'>ExL</subfield></datafield><datafield ind1=' ' ind2=' ' tag='035'><subfield code='a'>(PL)b00001150003969</subfield></datafield><datafield ind1=' ' ind2=' ' tag='040'><subfield code='a'>KR_1</subfield><subfield code='c'>KR_1</subfield></datafield><datafield ind1='1' ind2=' ' tag='041'><subfield code='a'>pol</subfield><subfield code='h'>eng</subfield></datafield><datafield ind1='0' ind2='0' tag='245'><subfield code='a'>Życzenie Nakręcanej Myszki /</subfield><subfield code='c'>[tł. Katarzyna Precigs].</subfield></datafield><datafield ind1=' ' ind2=' ' tag='260'><subfield code='a'>Warszawa :</subfield><subfield code='b'>Egmont Polska,</subfield><subfield code='c'>2009.</subfield></datafield><datafield ind1=' ' ind2=' ' tag='300'><subfield code='a'>[30] s. :</subfield><subfield code='b'>il. ;</subfield><subfield code='c'>30 cm.</subfield></datafield><datafield ind1='1' ind2=' ' tag='490'><subfield code='a'>Z Drogi, Jedzie Noddy</subfield></datafield><datafield ind1=' ' ind2=' ' tag='500'><subfield code='a'>d</subfield></datafield><datafield ind1=' ' ind2='9' tag='650'><subfield code='a'>Opowiadanie dziecięce angielskie</subfield><subfield code='y'>21 w.</subfield></datafield><datafield ind1='1' ind2=' ' tag='700'><subfield code='a'>Precigs, Katarzyna</subfield><subfield code='e'>Tł.</subfield></datafield><datafield ind1=' ' ind2=' ' tag='852'><subfield code='b'>48OMNIS_NETWORK</subfield><subfield code='8'>9913261537705606</subfield></datafield><datafield ind1=' ' ind2=' ' tag='852'><subfield code='b'>48OMNIS_MBPG</subfield><subfield code='8'>991000525039708210</subfield></datafield><datafield ind1=' ' ind2=' ' tag='852'><subfield code='8'>22789881870008210</subfield><subfield code='j'>1</subfield><subfield code='b'>F18</subfield><subfield code='p'>10610654</subfield><subfield code='c'>UBYTKI_F18</subfield></datafield><datafield ind1=' ' ind2=' ' tag='920'><subfield code='a'>978-83-237-3241-9</subfield></datafield></record>
  </collection>
</resp>
